Independent Housing Ombudsman (Record no. 9590)

MARC details
000 -LEADER
fixed length control field 00810cab a2200217 4500
001 - CONTROL NUMBER
control field ABS55183
008 - FIXED-LENGTH DATA ELEMENTS--GENERAL INFORMATION
fixed length control field 090401t1996 xxu||||| |||| 00| 0 eng d
035 ## - SYSTEM CONTROL NUMBER
System control number (Sirsi) u14695
041 ## - LANGUAGE CODE
Language code of text/sound track or separate title eng
245 ## - TITLE STATEMENT
Title Independent Housing Ombudsman
260 ## - PUBLICATION, DISTRIBUTION, ETC.
Date of publication, distribution, etc. 1996
350 ## - PRICE (NR) (BK AM CF MU VM SE) [OBSOLETE]
Price 0
490 ## - SERIES STATEMENT
Series statement HA Weekly
Volume/sequential designation (458) 3 May 1996, 19-22(4)
520 ## - SUMMARY, ETC.
Summary, etc. Gives detailed account of role and responsibilities of the independent housing ombudsman scheme as set out in the 1996 Housing Bill. Covers management and responsibilities, terms of reference, conditions of membership, enquiry services, ombudsman`s decisions and scheme costs.
650 ## - SUBJECT ADDED ENTRY--TOPICAL TERM
Topical term or geographic name entry element HOUSING ASSOCIATIONS
650 ## - SUBJECT ADDED ENTRY--TOPICAL TERM
Topical term or geographic name entry element INDEPENDENT HOUSING OMBUDSMAN SCHEME
650 ## - SUBJECT ADDED ENTRY--TOPICAL TERM
Topical term or geographic name entry element TENANTS OMBUDSMAN SCHEME
690 ## - LOCAL SUBJECT ADDED ENTRY--TOPICAL TERM (OCLC, RLIN)
Topical term or geographic name as entry element HOUSING
942 ## - ADDED ENTRY ELEMENTS (KOHA)
Suppress in OPAC 0
948 ## - LOCAL PROCESSING INFORMATION (OCLC); SERIES PART DESIGNATOR (RLIN)
c (OCLC) 04/03/1997
Holdings
Withdrawn status Lost status Source of classification or shelving scheme Damaged status Not for loan Home library Current library Shelving location Date acquired Total Checkouts Full call number Barcode Date last seen Copy number Price effective from Koha item type
    Dewey Decimal Classification     London London Journal article 14/09/1999   ABS55183 14695-1001 06/08/2019 1 06/08/2019 Journal article